[Event "Stay Safe Play From Home 149"]
[Site "T#646041Emanuel Laske"]
[Date "2020.05.14"]
[Round "9"]
[White "Little champs"]
[Black "Popovic Milan"]
[Result "0-1"]
[WhiteElo "2094"]
[BlackElo "2655"]
[Annotator "TA"]
[PlyCount "138"]
[EventDate "2020.05.14"]
[EventType "swiss (blitz)"]

{[%evp 17,137,-14,0,0,0,0,0,0,6,8,14,-3,-8,-18,0,-15,0,-70,-3,-96,0,-92,-80,-81,-60,-77,-58,-78,-75,-77,-75,-81,-74,-349,-332,-326,-46,-48,-54,-96,-93,-81,-26,-56,-58,-65,-72,-101,-9,-16,-11,-170,-49,-206,-2,-163,-100,-101,-18,-37,-20,-12,-16,-510,-495,-500,-510,-510,-486,-468,-453,-429,29,0,0,0,0,-691,-646,-428,-421,-29983,-116,-380,-358,-2688,-316,-29981,-29973,-29984,-29985,-29985,-29986,-29986,-29987,-29992,-29988,-29989,-29990,-29992,-29989,-29989,-29990,-29991,-29992,-29992,-29991,-29992,-29991,-29991,-29992,-29992,-29991,-29991,-29992,-29992,-29993,-29997,-29998,-29998,-29999,-29999]} 1. d4 Nf6 2. e3 g6 3. Nf3 Bg7 4. Be2 O-O 5. O-O c5 6. b3 cxd4 7. exd4 d5 8. Bb2 Nc6 9. Nbd2 Bg4 10. c3 {[#] A05: Réti Opening: 1 Nf3 Nf6.} Bxf3 $146 ({Predecessor:} 10... Rc8 11. Re1 Re8 12. h3 Bxf3 13. Nxf3 Qa5 14. Bd3 b5 15. a3 Qb6 16. Bc1 a5 17. Be3 Qb8 {1-0 (33) Wolter,M-Wacker,F (1831) St Ingbert 1992}) 11. Nxf3 Rc8 12. Bd3 {The position is equal.} e6 13. Re1 Nd7 14. Ba3 Re8 15. Bb2 a6 16. Rc1 b5 17. Qe2 (17. Qd2 $11) 17... Qb6 ({Better is} 17... e5 $1 $15 18. dxe5 Ncxe5 19. Nxe5 Nxe5) 18. b4 (18. a4 $11 {remains equal.}) 18... Qb8 (18... e5 $17 19. Bb1 Qb8) 19. a3 (19. a4 $1 $11) 19... Nb6 20. Ba1 Ne7 (20... e5 {is more complex.} 21. dxe5 Nxe5 22. g3 Qd6 23. Bc2 Qd7) 21. h3 Nc4 (21... Nf5 {with more complications.} 22. h4 Qf4 23. g3 Qg4 24. Rc2 Nd6) 22. Bxc4 dxc4 23. Rcd1 Nd5 24. Bb2 {[#]} a5 $1 {[%mdl 512]} 25. Nd2 $2 {[%mdl 8192]} (25. g3 $17 {might work better.}) (25. bxa5 Qc7) 25... axb4 26. axb4 Nxb4 $2 (26... Nf4 $19 27. Qf1 Nd3 {[%mdl 64] Double Attack}) 27. cxb4 $15 {Ne4 is the strong threat.} c3 {[%mdl 64] Double Attack} 28. Nf3 cxb2 29. Qxb2 Rc4 ({Black should play} 29... Red8 $17) 30. Rc1 Rec8 31. Rxc4 Rxc4 32. Rc1 {[#]} Qc7 (32... Rxc1+ $1 $17 33. Qxc1 Bf8) 33. Rxc4 $1 $11 Qxc4 34. Kh2 $2 (34. Ne5 $11 Qc7 35. g3) 34... h6 ({Black should try} 34... Bf8 $19 35. Qd2 Bd6+ 36. g3 Kg7) 35. g3 $2 ({White must play} 35. Ne5 $15 Qc7 36. Kg1) 35... g5 $2 (35... Bf8 $19 36. Qd2 Qxb4) 36. Kg2 $2 (36. Ne5 $11 {and White has nothing to worry.} Bxe5 37. dxe5) 36... Qd5 (36... Bf8 $19 37. Ne5 Qxb4) 37. g4 f5 (37... Qc6 $17 38. Kg3 Bf8) 38. Kg3 Bf8 $36 {[%mdl 2048] Black is more active.} 39. Ne5 Bd6 40. f4 $2 {[%mdl 8192]} (40. gxf5 $11 exf5 41. Kh2) 40... gxf4+ $19 41. Kxf4 Qe4+ 42. Kg3 f4+ 43. Kf2 Qe3+ 44. Kf1 {intending Qa2!} f3 $2 (44... Qxh3+ $19 45. Qg2 Qxg2+ 46. Kxg2 Bxb4) 45. Qc2 {Intending Qg6+ and mate.} (45. Qa2 $5 {[%cal Ra2e6]} Qe2+ 46. Qxe2 fxe2+ 47. Kxe2 $14) 45... Bxe5 46. dxe5 $11 {[%mdl 4096] Endgame KQ-KQ} Kg7 47. Qc7+ $2 {[%mdl 8192] Black continues to play with concentration.} (47. h4 $11) 47... Kg6 $19 48. Qc2+ Kg5 {White must now prevent ...Qd4.} 49. Qf2 (49. Qb2 $19 Qd3+ 50. Kf2) 49... Qc1+ $2 (49... Qxf2+ {mates} 50. Kxf2 Kf4 51. h4 Kxg4 52. h5 Kf4 53. Kf1 Kxe5 54. Kg1 Kf4 55. Kf2 e5 56. Kf1 Ke3 57. Ke1 f2+ 58. Kf1 e4 59. Kg2 Ke2 60. Kg3 f1=Q 61. Kh2 Qf4+ 62. Kg2 Qg4+ {[%mdl 64] Double Attack} 63. Kh1 Kf2 64. Kh2 Qxh5#) 50. Qe1 Qf4 51. Kf2 $2 (51. Qf2) 51... h5 $2 (51... Kh4 {( -> ...Qg3+)} 52. g5 Qg3+ 53. Kf1 Qxe1+ 54. Kxe1 hxg5 55. Kf2 Kxh3 56. Kxf3 g4+ 57. Ke3 g3 58. Kd4 g2 59. Kc5 g1=Q+ 60. Kd6 Qb6+ 61. Ke7 Kg4 62. Kd7 Kf5 63. Kc8 Qa7 64. Kd8 Kxe5 65. Ke8 Qc7 66. Kf8 Kf6 67. Kg8 Qg7#) 52. Qe3 $2 (52. Qd1 $19 Qh2+ {[%mdl 64] Double Attack} 53. Ke3 Qf4+ 54. Kf2 Qh2+ {[%mdl 64] Double Attack} 55. Ke3 Qxe5+ 56. Kf2 Qh2+ {[%mdl 64] Double Attack} 57. Ke3 Qe2+ 58. Qxe2 fxe2 59. Kxe2 hxg4 60. hxg4 Kxg4 61. Ke3) 52... hxg4 {Black mates.} 53. hxg4 Qxe3+ 54. Kxe3 Kxg4 {K3P-KPP} 55. Kf2 Kf4 56. Ke1 Kxe5 {KP-KP} 57. Kf2 Kf4 58. Ke1 e5 59. Kf2 e4 60. Ke1 e3 61. Kf1 Ke4 62. Ke1 Kd4 63. Kd1 Kc4 64. Ke1 Kxb4 65. Kd1 Kc3 66. Ke1 b4 {[%cal Bb5b4,Bb4b3][%mdl 32]} 67. Kd1 b3 68. Kc1 f2 {[%cal Rf2f1]} 69. Kd1 f1=Q# {Accuracy: White = 54%, Black = 58%.} 0-1

[Event "Stay Safe Play From Home 149"]
[Site "T#646041Emanuel Laske"]
[Date "2020.05.14"]
[Round "9"]
[White "Käptn"]
[Black "Weltszmerc"]
[Result "0-1"]
[WhiteElo "2044"]
[BlackElo "2183"]
[Annotator "TA"]
[PlyCount "124"]
[EventDate "2020.05.14"]
[EventType "swiss (blitz)"]

{[%evp 9,124,27,31,23,33,41,37,31,34,15,36,8,18,11,25,13,39,35,45,38,41,28,36,16,18,25,37,36,33,31,46,30,58,25,32,19,22,0,32,29,25,0,0,0,7,17,20,0,0,0,0,-13,0,0,30,0,45,0,27,0,0,0,0,0,-6,-4,6,-5,0,0,0,0,0,0,0,0,0,0,0,-121,-133,-356,-285,-285,-281,-314,0,0,0,0,0,0,0,0,0,-5,-5,-5,0,-731,29980,0,0,0,29984,29985,29985,29986,29987,29986,29987,29988,29988,29989,29989,29988,29988]} 1. c4 Nf6 2. g3 b6 3. Bg2 c6 4. Nf3 Bb7 5. O-O d5 6. b3 {[#] A15: English Opening: 1...Nf6.} dxc4 $146 ({Predecessor:} 6... e6 7. Bb2 Nbd7 8. d3 Qc7 9. Nc3 Be7 10. Rc1 a6 11. cxd5 exd5 12. Re1 O-O {0-1 (53) Theilig,R (1615)-Casny,G (1858) Berlin 2017}) 7. bxc4 e6 8. d3 {White is slightly better.} Be7 9. Bb2 c5 10. Nc3 O-O 11. e3 Nbd7 {[%cal Bb8d7,Bd7e5,Be5g4][%mdl 32]} 12. Qe2 Qc8 13. Rfd1 Ng4 14. Rab1 Nge5 15. Nxe5 Nxe5 16. f4 {[#] Hoping for Bxb7.} Bxg2 17. Qxg2 Ng4 18. Qf3 f5 19. h3 Nf6 20. Kf2 Rd8 21. Ba1 Qd7 22. Rd2 Rac8 23. Rbd1 Qc6 (23... a6 {looks sharper.} 24. a4 Ne8 25. g4 Nd6 26. Bb2 Bf6) 24. Qxc6 Rxc6 25. Nb5 a6 26. Nc3 Rcd6 27. Ke2 h6 28. Rb1 Kf7 29. Rbd1 g5 30. Rg1 Rb8 31. a4 Rc6 32. Rb1 Ne8 33. Rg1 Nd6 34. Nd1 b5 35. axb5 axb5 36. cxb5 Rxb5 37. Nf2 Rcb6 38. Be5 c4 (38... Nb7 {with more complications.} 39. g4 Na5 40. Ra2 Nc6 41. Rga1 Nxe5 42. fxe5 c4) 39. Bxd6 cxd3+ 40. Rxd3 {Black must now prevent Be5.} Rxd6 41. Rxd6 Bxd6 42. fxg5 $11 {[%mdl 4096] Endgame KRB-KRN} Rb2+ 43. Kf3 hxg5 44. h4 (44. Rd1 $11 {remains equal.} Be7 45. g4) 44... g4+ $17 45. Kg2 $2 (45. Nxg4 $17 fxg4+ 46. Kxg4) 45... Bc5 46. Re1 e5 47. Kg1 {intending Nd3.} Ke6 $2 ({Better is} 47... Rb3 $19 48. Nd1 f4 49. gxf4 exf4) 48. Nd3 $11 Rc2 49. Nxc5+ Rxc5 {KR-KR} 50. Kf2 Kd5 51. Re2 Ke4 52. Re1 Rc4 53. Re2 Rc3 54. Kf1 $2 {[%mdl 8192]} (54. Ra2 $11) 54... Rxe3 $4 {[%mdl 8192] [#]} (54... Kf3 $19 55. Rf2+ Kxg3 56. Rxf5 Kh2) 55. Rxe3+ $2 (55. h5 {mates} Kd4 56. Rxe3 Kxe3 57. h6 Ke4 58. h7 f4 59. h8=Q Kd5 60. gxf4) 55... Kxe3 $19 {K3P-KPP} 56. h5 f4 $2 {[%mdl 8192]} (56... Kd2 $11 57. h6 e4) 57. h6 {White mates.} fxg3 58. h7 g2+ 59. Kg1 Kf3 60. h8=Q e4 61. Qc3+ e3 62. Qe1 e2 {[%mdl 32768] Accuracy: White = 74%, Black = 73%. . Loss on time!?} 0-1

[Event "Stay Safe Play From Home 149"]
[Site "T#646041Emanuel Laske"]
[Date "2020.05.14"]
[Round "9"]
[White "Don59as"]
[Black "Mepe_Nika"]
[Result "1-0"]
[WhiteElo "2007"]
[BlackElo "2262"]
[Annotator "TA"]
[PlyCount "53"]
[EventDate "2020.05.14"]
[EventType "swiss (blitz)"]

{[%evp 9,53,-26,-25,-24,0,0,365,355,1135,437,441,433,445,418,452,453,452,430,426,408,405,308,443,431,443,439,433,387,498,496,551,546,1067,781,1360,1336,29988,29989,29989,29990,29996,29967,29952,29959,29984,29985]} 1. c4 c6 2. e4 d5 3. cxd5 cxd5 4. e5 Nc6 5. Nf3 Bg4 6. Bb5 {[#] B10: Caro-Kann: 2 d3 and 2 c4.} e6 $146 ({Predecessor:} 6... Qb6 7. Bxc6+ Qxc6 8. d4 Bxf3 9. Qxf3 Qxc1+ 10. Qd1 Qxd1+ 11. Kxd1 e6 12. Nc3 Rc8 {0-1 (33) Rezny,F (1654)-Jiruse,J (2107) Cesky Krumlov 2008}) 7. Qa4 Rc8 $2 {[%mdl 8192] [#]} (7... Bxf3 $11 {and Black is okay.} 8. Bxc6+ bxc6) 8. Qxg4 $18 {White is winning.} Bc5 $2 (8... Nge7 9. Nc3 a6 10. Bxc6+ Rxc6) 9. Bxc6+ (9. Qxg7 $142 Kd7 10. Qxh8) 9... Rxc6 10. O-O Kf8 11. d4 Bb6 12. Nc3 Ne7 13. Be3 Nf5 14. Rfe1 h5 15. Qg5 Qc8 (15... Qxg5 $142 16. Nxg5 Nxd4) 16. h3 Bd8 17. Qf4 Rg8 18. Ng5 g6 19. g4 hxg4 20. hxg4 Nh6 21. Kg2 Rh8 22. Rh1 {Strongly threatening Rxh6!} a6 {[#]} 23. Rxh6 $1 {[%csl Gg5][%cal Rf4f7] White mates.} Bxg5 (23... Rxh6 24. Qxf7#) 24. Rxh8+ Kg7 25. Rxc8 Bxf4 26. Rxc6 bxc6 27. Bxf4 {Black got outplayed after the opening. Accuracy: White = 72%, Black = 28%.} 1-0

[Event "Stay Safe Play From Home 149"]
[Site "T#646041Emanuel Laske"]
[Date "2020.05.14"]
[Round "9"]
[White "SecantFX"]
[Black "Lazieri3"]
[Result "0-1"]
[WhiteElo "1892"]
[BlackElo "1948"]
[Annotator "TA"]
[PlyCount "90"]
[EventDate "2020.05.14"]
[EventType "swiss (blitz)"]

{[%evp 9,89,-22,-19,-10,0,0,21,0,6,-28,-17,-48,-48,-187,-183,-189,-187,-225,-174,-244,-245,-257,-215,-262,-258,-238,-238,-217,-222,-302,-200,-225,-213,-390,-381,-674,-670,-693,-700,-700,-683,-668,-695,-695,-693,-700,-687,-691,-674,-707,-739,-710,-734,-1010,-997,-1009,-1009,-1213,-1095,-1389,-1132,-4902,-2416,-12796,-6316,-29990,-29991,-29991,-29992,-29992,-29993,-29995,-29995,-29995,-29996,-29996,-29997,-29997,-29998,-29998,-29999,-29999]} 1. g3 c6 2. Bg2 d5 3. f4 Nf6 4. Nf3 Bf5 5. e3 e6 6. O-O {A03: Bird's Opening with 1...d5.} h6 7. d3 {[#]} Bd6 $146 ({Predecessor:} 7... Nbd7 8. Nc3 Bc5 9. Qe2 O-O 10. Kh1 Qc7 11. e4 Bg6 12. e5 Ne8 13. Bd2 Nb6 {1-0 (25) Thurstan,T (1987)-Havlickova,L (1895) Prague 2020}) 8. Qe1 {The position is equal.} O-O 9. h3 Nbd7 10. g4 Bh7 $36 {[%mdl 2048] Black has the initiative.} 11. e4 (11. Nc3 $15) 11... dxe4 $19 12. dxe4 Nxe4 13. Nc3 Bb4 14. Bd2 (14. Be3 {was called for.}) 14... Nxd2 15. Qxd2 Nc5 16. Qxd8 Raxd8 ({Much less strong is} 16... Rfxd8 17. Rac1 $19) 17. Rac1 Bxc3 18. bxc3 Ne4 19. Nd4 c5 20. Nb5 a6 21. Na3 $2 {[#]} (21. Rfe1) 21... Nxc3 {Hoping for ...Ne2+.} 22. Nc4 $2 (22. Rce1 b5 23. Re5) 22... Ne2+ 23. Kh2 Nxc1 24. Rxc1 Rd4 25. Ne5 Rxf4 26. Bxb7 Rf2+ 27. Kg3 Rxc2 28. Rxc2 Bxc2 {[%mdl 4096] Endgame KRB-KBN} 29. Nd7 Rd8 30. Nxc5 a5 31. Bf3 a4 32. Kf4 a3 33. Nb7 Rd2 34. Na5 Bd3 35. Nb3 Rxa2 36. Nc5 Bc2 37. Na6 Rb2 {Black mates.} 38. Nb4 Rxb4+ 39. Ke3 a2 40. Be4 a1=Q 41. Bxc2 Qc3+ {[%mdl 64] [#] Double Attack} 42. Bd3 Rb3 43. Kf2 Qxd3 44. Kg2 Rb2+ 45. Kg1 Qb1# {Black took control after the opening. Accuracy: White = 25%, Black = 84%.} 0-1

[Event "Stay Safe Play From Home 149"]
[Site "T#646041Emanuel Laske"]
[Date "2020.05.14"]
[Round "9"]
[White "Nagaram"]
[Black "Ionutn28"]
[Result "0-1"]
[WhiteElo "1719"]
[BlackElo "1885"]
[Annotator "NA RC"]
[PlyCount "136"]
[EventDate "2020.05.14"]
[EventType "swiss (blitz)"]

1. e3 {[%emt 0:00:01]} d5 {[%emt 0:00:02]} 2. d4 {[%emt 0:00:01]} e6 {[%emt 0:00:02]} 3. c4 {[%emt 0:00:00]} Nf6 {[%emt 0:00:01]} 4. Nc3 {[%emt 0:00:01]} c6 {[%emt 0:00:01]} 5. Nf3 {[%emt 0:00:01]} Bd6 {[%emt 0:00:00]} 6. a3 {[%emt 0:00:02]} Nbd7 {[%emt 0:00:01]} 7. Bd2 {[%emt 0:00:01]} O-O {[%emt 0:00:01]} 8. Bd3 {[%emt 0:00:01]} e5 {[%emt 0:00:01]} 9. dxe5 {[%emt 0:00:01]} Nxe5 {[%emt 0:00:00]} 10. Nxe5 {[%emt 0:00:00]} Bxe5 {[%emt 0:00:00]} 11. O-O {[%emt 0:00:00]} h6 {[%emt 0:00:02]} 12. Qf3 {[%emt 0:00:03]} Qc7 {[%emt 0:00:01]} 13. h3 {[%emt 0:00:02]} dxc4 {[%emt 0:00:01]} 14. Bxc4 {[%emt 0:00:01]} Re8 {[%emt 0:00:02]} 15. Bd3 {[%emt 0:00:01]} Be6 {[%emt 0:00:01]} 16. b4 {[%emt 0:00:02]} Rad8 {[%emt 0:00:04]} 17. Qe2 {[%emt 0:00:03]} Qd7 {[%emt 0:00:02]} 18. Bh7+ {[%emt 0:00:06]} Nxh7 {[%emt 0:00:02]} 19. Bc1 {[%emt 0:00:00]} Qd3 {[%emt 0:00:01]} 20. Bb2 {[%emt 0:00:02]} Qxe2 {[%emt 0:00:01]} 21. Nxe2 {[%emt 0:00:01]} Bxb2 {[%emt 0:00:01]} 22. Rab1 {[%emt 0:00:00]} Bf6 {[%emt 0:00:01]} 23. Ng3 {[%emt 0:00:01]} Ng5 {[%emt 0:00:02]} 24. f4 {[%emt 0:00:02]} Nh7 {[%emt 0:00:02]} 25. e4 {[%emt 0:00:02]} Nf8 {[%emt 0:00:01]} 26. e5 {[%emt 0:00:00]} Be7 {[%emt 0:00:01]} 27. Rbd1 {[%emt 0:00:00]} Rxd1 {[%emt 0:00:01]} 28. Rxd1 {[%emt 0:00:00]} Rd8 {[%emt 0:00:00]} 29. Rf1 {[%emt 0:00:00]} Rd2 {[%emt 0:00:01]} 30. f5 {[%emt 0:00:01]} Bc4 {[%emt 0:00:01]} 31. Re1 {[%emt 0:00:02]} c5 {[%emt 0:00:00]} 32. f6 {[%emt 0:00:01]} gxf6 {[%emt 0:00:01]} 33. exf6 {[%emt 0:00:00]} Bxf6 {[%emt 0:00:00]} 34. Ne4 {[%emt 0:00:00]} Bd4+ {[%emt 0:00:01]} 35. Kh1 {[%emt 0:00:02]} Bd5 {[%emt 0:00:01]} 36. Nxd2 {[%emt 0:00:01]} Bc3 {[%emt 0:00:01]} 37. Rc1 {[%emt 0:00:02]} Bxd2 {[%emt 0:00:01]} 38. Rc2 {[%emt 0:00:00]} Bf4 {[%emt 0:00:01]} 39. bxc5 {[%emt 0:00:01]} Be6 {[%emt 0:00:01]} 40. Re2 {[%emt 0:00:01]} Bc7 {[%emt 0:00:01]} 41. Rf2 {[%emt 0:00:01]} Nd7 {[%emt 0:00:01]} 42. Rc2 {[%emt 0:00:02]} Ba5 {[%emt 0:00:01]} 43. Kh2 {[%emt 0:00:01]} Kf8 {[%emt 0:00:01]} 44. g3 {[%emt 0:00:01]} Ke7 {[%emt 0:00:00]} 45. Kg2 {[%emt 0:00:00]} Bf5 {[%emt 0:00:01]} 46. Kf3 {[%emt 0:00:00]} Bxc2 {[%emt 0:00:01]} 47. g4 {[%emt 0:00:00]} Ba4 {[%emt 0:00:00]} 48. h4 {[%emt 0:00:02]} Nxc5 {[%emt 0:00:01]} 49. g5 {[%emt 0:00:01]} Bc3 {[%emt 0:00:00]} 50. gxh6 {[%emt 0:00:01]} Kf8 {[%emt 0:00:00]} 51. Kg4 {[%emt 0:00:02]} Kg8 {[%emt 0:00:00]} 52. Kf5 {[%emt 0:00:00]} Kh7 {[%emt 0:00:00]} 53. Kg4 {[%emt 0:00:03]} Bc2 {[%emt 0:00:00]} 54. Kg3 {[%emt 0:00:00]} Bd2 {[%emt 0:00:00]} 55. h5 {[%emt 0:00:00]} Bxh6 {[%emt 0:00:00]} 56. Kg2 {[%emt 0:00:00]} Bd1 {[%emt 0:00:00]} 57. a4 {[%emt 0:00:01]} Bxh5 {[%emt 0:00:00]} 58. a5 {[%emt 0:00:01]} Bd2 {[%emt 0:00:00]} 59. Kf1 {[%emt 0:00:00]} Bxa5 {[%emt 0:00:01]} 60. Kf2 {[%emt 0:00:02]} Bb6 {[%emt 0:00:00]} 61. Kg3 {[%emt 0:00:00]} a5 {[%emt 0:00:00]} 62. Kg2 {[%emt 0:00:00]} a4 {[%emt 0:00:00]} 63. Kg3 {[%emt 0:00:00]} a3 {[%emt 0:00:00]} 64. Kg2 {[%emt 0:00:00]} a2 {[%emt 0:00:00]} 65. Kg3 {[%emt 0:00:00]} a1=Q {[%emt 0:00:00]} 66. Kg2 {[%emt 0:00:00]} Qa4 {[%emt 0:00:00]} 67. Kg3 {[%emt 0:00:00]} Ne4+ {[%emt 0:00:00]} 68. Kg2 {[%emt 0:00:00]} Bc5 {[%emt 0:00:00] Time (Lag: Av=0.77s, max=1.2s)} 0-1

[Event "Stay Safe Play From Home 149"]
[Site "T#646041Emanuel Laske"]
[Date "2020.05.14"]
[Round "9"]
[White "Gibiz144"]
[Black "MartinKestler"]
[Result "0-1"]
[WhiteElo "1587"]
[BlackElo "1942"]
[Annotator "TA"]
[PlyCount "86"]
[EventDate "2020.05.14"]
[EventType "swiss (blitz)"]

{[%evp 9,86,-2,5,-14,-14,-25,-9,-44,-19,-45,11,-27,49,0,0,16,24,0,98,-360,-355,-349,-204,-191,-189,-195,-194,-234,-234,-768,-325,-305,-146,-302,235,225,210,-127,-129,-116,-68,-83,-69,-72,285,-328,-117,-114,-108,-237,-237,-237,-237,-237,-218,-231,-209,-209,-195,-237,-229,-221,-217,-339,-74,-385,-351,-429,-429,-429,0,-266,-251,-1197,-1166,-1087,-1011,-872,-763]} 1. d4 e6 2. Nf3 d5 3. Bg5 Nf6 4. Bxf6 Qxf6 5. e3 {[#]} Be7 $146 ({Predecessor:} 5... Bd7 6. Bd3 Bd6 7. Nbd2 Nc6 8. c3 Qe7 9. e4 dxe4 10. Nxe4 a6 11. Qc2 h6 {½-½ (51) Galeski,G (1254)-Angjelkoska,J (1442) Struga 2019}) 6. Bd3 {D03: 1 d4 d5 2 Nf3 Nf6 3 Bg5, including Torre Attack with early ...d5.} O-O 7. c3 Nd7 8. Qc2 {The position is equal.} g6 9. h4 b6 ({Black should try} 9... e5 $15 10. e4 dxe4 11. Bxe4 Re8) 10. h5 Bb7 ({Black should play} 10... c5 $11) 11. hxg6 fxg6 12. Nbd2 c5 13. O-O-O (13. Bb5 {is interesting.} Nb8 14. Rh3 a6 15. Be2 cxd4 16. exd4 b5 17. O-O-O) 13... cxd4 (13... c4 $11 14. Qa4 Nb8) 14. e4 $2 {[%mdl 8192]} (14. exd4 $16 {is forced if you want to stay better. next Rh6 is good for White.} Bd6 15. Rde1) 14... dxc3 $19 15. bxc3 dxe4 (15... Rac8 $142 16. Kb1 Qxc3 17. Qxc3 Rxc3) 16. Nxe4 Bxe4 17. Bxe4 Rad8 18. Rh3 Nc5 19. Rdh1 $2 (19. Rxd8 Rxd8 20. Kb1) 19... Nxe4 (19... Qf4+ $142 20. Kb2 Nxe4 21. Rxh7 Bf6) 20. Qxe4 Rf7 (20... Qxc3+ $19 21. Kb1 Rf5 22. Qxe6+ Kf8) 21. Nd4 $2 (21. Kc2 $17 {was necessary.}) 21... Qf4+ $4 {[%mdl 8192]} ({Don't play} 21... Qxf2 22. Qxe6 Ba3+ 23. Kd1 $19) (21... Ba3+ $19 22. Kc2 Qxf2+ 23. Ne2 {[#]} e5 $1 {[%mdl 512]}) 22. Qxf4 $18 Rxf4 23. f3 $2 ({Better is} 23. Nxe6 $18 Rf7 24. Nxd8 Bxd8 25. f4) 23... Rf7 24. Nxe6 Rc8 25. Kc2 Bf6 26. f4 Rxc3+ $2 {[%mdl 8192]} (26... b5 $17) 27. Kd2 $4 {[%mdl 8192]} (27. Rxc3 $18 {White threatens Rc8+ and mate.} Bxc3 28. Kxc3) 27... Rxh3 $2 (27... Rd7+ $19 28. Ke2 Rc2+ {[%mdl 64] Double Attack} 29. Kf3 Rd6) 28. Rxh3 $19 {[%mdl 4096] Endgame KRB-KRN} Re7 29. Ng5 (29. Re3 $17 {was forced.}) 29... Bxg5 30. fxg5 {KR-KR} Re5 31. Rg3 Rd5+ 32. Kc3 Ra5 {[#] And now ...Ra3+ would win.} 33. Kb3 Kg7 34. a4 Rf5 35. Rg4 a6 {[%cal Ba7a6,Ba6b5][%mdl 32]} 36. g3 (36. Kc3 {only move.}) 36... b5 $2 (36... Rc5 $19 {is more deadly.} 37. Kb4 Rd5) 37. axb5 $2 {[%mdl 8192]} (37. a5 $17 {was the crucial defense.}) 37... axb5 38. Kb4 Kf7 39. Rh4 Kg7 40. Rg4 $1 h5 41. Rd4 $2 (41. gxh6+ Kxh6 42. Rh4+ Kg5 43. Re4) 41... Rxg5 {Black is clearly winning.} 42. Rd7+ Kh6 43. Rd3 Rf5 {Accuracy: White = 27%, Black = 41%.} 0-1

[Event "Stay Safe Play From Home 149"]
[Site "T#646041Emanuel Laske"]
[Date "2020.05.14"]
[Round "9"]
[White "Gmbasti"]
[Black "Tumnik_ad"]
[Result "0-1"]
[WhiteElo "1558"]
[BlackElo "1935"]
[Annotator "TA"]
[PlyCount "28"]
[EventDate "2020.05.14"]
[EventType "swiss (blitz)"]

{[%evp 17,28,-38,-8,-66,-41,-225,-225,-844,-836,-902,-903,-1158,-773]} 1. c4 e6 2. e3 b6 3. d4 Bb7 4. Nc3 Bb4 5. Nf3 Nf6 6. a3 Bxc3+ 7. bxc3 Ne4 8. Qc2 f5 9. Bd3 O-O {[#]} 10. Ne5 $146 {E43: Nimzo-Indian: Rubinstein: 4...b6.} (10. a4 $11) ({Predecessor:} 10. O-O d6 11. Nd2 Nxd2 12. Bxd2 Nd7 13. e4 fxe4 14. Bxe4 Bxe4 15. Qxe4 e5 16. Rae1 Nf6 17. Qh4 exd4 18. cxd4 Qd7 {½-½ (28) Mahalakshmi,M (2245)-Gomes,M (2314) Xingtai 2019}) 10... Qg5 {Strongly threatening ...d6.} 11. f4 $2 (11. O-O $15) 11... Qh4+ $19 12. Kd1 $2 (12. Kf1) 12... Nf2+ {[%mdl 64] [#] Double Attack, Discovered Attack. Black is clearly winning.} 13. Ke2 Nxh1 14. h3 Qf2+ {Black took control after the opening.} 0-1